Plateformes Streaming Musique - Statistiques

Statistiques générales
  • Ce quiz a été pris 832 fois
  • Le résultat moyen est 4 sur 7
Statistiques - réponses
Plateforme % Correct
Spotify
100%
Deezer
98%
Apple Music
79%
YouTube Music
52%
Amazon Music
29%
Tidal
11%
Qobuz
4%
Aucun quiz correspondant
Distribution des résultats
% des personnes avec chaque résultat
Percentile par nombre de réponses
Votre historique - résultats
Vous n’avez pas pris ce quiz